| Tag |
First Indicator |
Second Indicator |
Subfields |
| LEADER |
00000cam a2200000Ka 4500 |
| 001 |
in00000002955 |
| 005 |
20151007050820.0 |
| 008 |
990201s1992 mdua f000 0 eng d |
| 035 |
|
|
|a (OCoLC)ocm53947650
|
| 035 |
|
|
|9 AJE4243AM
|
| 040 |
|
|
|a GBS
|c GBS
|d OCLCQ
|d TXA
|d UtOrBLW
|
| 049 |
|
|
|a TXAM
|
| 086 |
0 |
|
|a NAS 1.20:Up 5
|z NAS 1.15:113449
|
| 245 |
0 |
0 |
|a NASA's upper atmosphere research satellite :
|b beginning the mission to planet earth.
|
| 264 |
|
1 |
|a Greenbelt, Md. :
|b NASA, Goddard Space Flight Center,
|c 1992.
|
| 300 |
|
|
|a 10 pages :
|b illustrations ;
|c 28 cm.
|
| 336 |
|
|
|a text
|b txt
|2 rdacontent
|
| 337 |
|
|
|a unmediated
|b n
|2 rdamedia
|
| 338 |
|
|
|a volume
|b nc
|2 rdacarrier
|
| 490 |
1 |
|
|a NASA facts
|
| 500 |
|
|
|a Shipping List #: 99-0199-M
|
| 500 |
|
|
|a Shipping List Date: 01/12/99
|
| 610 |
2 |
0 |
|a Mission to Planet Earth (Program)
|
| 610 |
2 |
7 |
|a Upper Atmosphere Research Satellite (UARS)
|2 nasat
|
| 650 |
|
0 |
|a Atmosphere, Upper
|x Research.
|
| 710 |
2 |
|
|a Goddard Space Flight Center.
|
| 710 |
1 |
|
|a United States.
|b National Aeronautics and Space Administration.
|
| 830 |
|
0 |
|a NASA facts.
|
| 948 |
|
|
|a cataloged
|b h
|c 2005/01/25
|e pkellar
|f 10:29:08 am
|
| 994 |
|
|
|a C0
|b TXA
|
| 999 |
|
|
|a MARS
|
| 999 |
f |
f |
|s 4921bad0-6356-38d3-9e0e-6f8f19ee3d05
|i 0e847c6b-e63f-33f1-a83a-dc1127a8c586
|t 0
|
| 952 |
f |
f |
|p normal
|a Texas A&M University
|b College Station
|c Sterling C. Evans Library
|d Evans: US Documents Microfiche (3rd floor)
|t 0
|e NAS 1.15:113449
|h Superintendent of Documents classification
|i unmediated -- volume
|m A14824436416
|
| 952 |
f |
f |
|p normal
|a Texas A&M University
|b College Station
|c Sterling C. Evans Library
|d Evans: US Documents (Annex 5th floor)
|t 0
|e NAS 1.20:Up 5
|h Superintendent of Documents classification
|i unmediated -- volume
|m A14832417117
|
| 998 |
f |
f |
|a NAS 1.20:Up 5
|t 0
|l Evans: US Documents (Annex 5th floor)
|
| 998 |
f |
f |
|a NAS 1.15:113449
|t 0
|l Evans: US Documents Microfiche (3rd floor)
|